00486nam a2200145 i 4500001000300000100001700003245007800020260005000098300002700148040000800175041000800183080001000191008004100201856009800242bg1 aGACA, Alicja 0aDeutsch. Konversationsübungen für polnische Studenten /cAlicja Gaca. aWarszawa :bPaństw. Wydawn. Nauk.,c[1976]. as. 365, nlb. 1 :berr. cBPK apol a803.0 s pl f |000 0 pol  uhttp://koha.tu.koszalin.pl/cgi-bin/koha/opac-detail.pl?biblionumber=27465yKatalog online BPK